000 00548nam a2200193Ia 4500
005 20250508162614.0
008 008 250505s9999 xx 000 0 eng d
037 _aTextual
040 _aFEDL
_beng
_cFEDL
041 _aeng
_2eng
084 _a370.7, CHO
_qFEDL
100 _aChowdhry D. Paul
245 0 _aTraining methodology and management
260 _aNew Delhi, India
_bSterling Publishers Private Limited
_c1986
300 _ax,291p.
650 _aEducation
942 _cTEXL
_h370.7, CHO
999 _c1377596
_d1377596